Unit operations of chemical engineering (Record no. 3799)

000 -LEADER
fixed length control field 00652nam a2200241 a 4500
001 - CONTROL NUMBER
control field 3799
003 - CONTROL NUMBER IDENTIFIER
control field BD-DhUET
008 - FIXED-LENGTH DATA ELEMENTS--GENERAL INFORMATION
fixed length control field 850523s1985 nyua b 001 0 eng
020 ## - INTERNATIONAL STANDARD BOOK NUMBER
International Standard Book Number 0070448280
040 ## - CATALOGING SOURCE
Modifying agency BD-DhUET
Transcribing agency 0
082 0# - DEWEY DECIMAL CLASSIFICATION NUMBER
Classification number 660.2842
Item number MCC/1985
100 1# - MAIN ENTRY--PERSONAL NAME
Personal name McCabe, Warren L.
245 10 - TITLE STATEMENT
Title Unit operations of chemical engineering
250 ## - EDITION STATEMENT
Edition statement 4th ed.
260 ## - PUBLICATION, DISTRIBUTION, ETC. (IMPRINT)
Place of publication, distribution, etc. New York
Name of publisher, distributor, etc. McGraw-Hill
Date of publication, distribution, etc. 1985
300 ## - PHYSICAL DESCRIPTION
Extent x, 960 p.
Other physical details ill.
Dimensions 25 cm.
490 1# - SERIES STATEMENT
Series statement McGraw-Hill chemical engineering series
504 ## - BIBLIOGRAPHY, ETC. NOTE
Bibliography, etc Includes bibliographies
650 #0 - SUBJECT ADDED ENTRY--TOPICAL TERM
Topical term or geographic name as entry element Chemical Processer
700 1# - ADDED ENTRY--PERSONAL NAME
Personal name Smith, Julian C.
700 1# - ADDED ENTRY--PERSONAL NAME
Personal name Harriott, Peter.
942 ## - ADDED ENTRY ELEMENTS (KOHA)
Koha item type General Book
Holdings
Source of classification or shelving scheme Koha normalized classification for sorting Piece designation (barcode) Damaged status Shelving location Sublocation or collection (holding branch) Koha item type Lost status Date acquired Copy number Koha date last borrowed Koha issues (times borrowed) Koha date last seen Withdrawn status Price effective from Koha full call number Not for loan Location (home branch)
 660_000000000000000_2842MCC19872739 Circulation sectionCentral Library, BUETGeneral Book 2014-11-051  2016-10-23 2014-11-05660.2842/MCC/1985 Central Library, BUET
 660_000000000000000_2842MCC19877549 Circulation sectionCentral Library, BUETGeneral Book 2014-11-052  2014-11-05 2014-11-05660.2842/MCC/1985 Central Library, BUET
 660_000000000000000_2842MCC19877550 Circulation sectionCentral Library, BUETGeneral Book 2014-11-0532018-11-1422018-12-04 2014-11-05660.2842/MCC/1985 Central Library, BUET
 660_284200000000000_MCC_198568731 Reading sectionCentral Library, BUETReading Item 2015-07-014  2015-07-01 2015-07-01660.2842/MCC/1985 Central Library, BUET
 660_284200000000000_MCC_198573910 Rental sectionCentral Library, BUETRental Item 1989-06-27৪/ক-১  2024-11-25 2024-11-25660.2842 MCC/1985 Central Library, BUET
 660_284200000000000_MCC_198573911 Rental sectionCentral Library, BUETRental Item 1989-06-27৪/ক-২  2024-11-25 2024-11-25660.2842 MCC/1985 Central Library, BUET
 660_284200000000000_MCC_198573912 Rental sectionCentral Library, BUETRental Item 1989-06-27৪/ক-৩  2024-11-25 2024-11-25660.2842 MCC/1985 Central Library, BUET
 660_284200000000000_MCC_198573913 Rental sectionCentral Library, BUETRental Item 1989-06-27৪/ক-৪  2024-11-25 2024-11-25660.2842 MCC/1985 Central Library, BUET
 660_284200000000000_MCC_198573914 Rental sectionCentral Library, BUETRental Item 1989-06-27৪/ক-৫  2024-11-25 2024-11-25660.2842 MCC/1985 Central Library, BUET
 660_284200000000000_MCC_198573915 Rental sectionCentral Library, BUETRental Item 1989-06-27৪/ক-৬  2024-11-25 2024-11-25660.2842 MCC/1985 Central Library, BUET
 660_284200000000000_MCC_198573916 Rental sectionCentral Library, BUETRental Item 1989-06-27৪/ক-৭  2024-11-25 2024-11-25660.2842 MCC/1985 Central Library, BUET
 660_284200000000000_MCC_198573917 Rental sectionCentral Library, BUETRental Item 1989-06-27৪/ক-৮  2024-11-25 2024-11-25660.2842 MCC/1985 Central Library, BUET
 660_284200000000000_MCC_198573918 Rental sectionCentral Library, BUETRental Item 1989-06-27৪/ক-৯  2024-11-25 2024-11-25660.2842 MCC/1985 Central Library, BUET
 660_284200000000000_MCC_198573919 Rental sectionCentral Library, BUETRental Item 1989-06-27৪/ক-১০  2024-11-25 2024-11-25660.2842 MCC/1985 Central Library, BUET
 660_284200000000000_MCC_198573934 Rental sectionCentral Library, BUETRental Item 1989-06-27৪/ক-২৫  2024-11-25 2024-11-25660.2842 MCC/1985 Central Library, BUET
 660_284200000000000_MCC_198573935 Rental sectionCentral Library, BUETRental Item 1989-06-27৪/ক-২৬  2024-11-25 2024-11-25660.2842 MCC/1985 Central Library, BUET